000 00775nam a2200229Ii 4500
003 JO-AjNU
008 230605s9999||||xx |||||||||||||| ||und||
017 _a2008/10/3448
020 _a978-9957-11-779-5
040 _aJO-AjNU
_bara
_erda
_cJO-AjNU
041 _aara
050 1 4 _aHD30.24.2009
100 3 _aالقريشي،مدحت,
_eauthor
_927435
245 0 0 _aدراسات الجدوى الاقتصادية:تقييم المشروعات الصناعية
250 _aط1
264 3 1 _aعمان:دار وائل للنشر والتوزيع،2009
300 _a283ص
336 _atext
_btxt
_2rdacontent
337 _aunmediated
_bn
_2rdamedia
338 _avolume
_bnc
_2rdacarrier
650 4 _a إدارة المشروعات -دراسات الجدوى
_927436
999 _aA10522
_c14090
_d14090